000 00420pab a2200157 454500
008 180718b2003 xxu||||| |||| 00| 0 eng d
100 _aRamachandran, Vimal
245 _aBackward and forward linkages that strengthen primary education
260 _c2003
300 _ap.959-69.
362 _a8 Mar
650 _aEducation
650 _aPrimary education
773 _aEconomic and Political Weekly
909 _a55727
999 _c55727
_d55727